Introduction to linear algebra. (Record no. 158341)

MARC details
000 -LEADER
fixed length control field 00527nam a2200217Ia 4500
003 - CONTROL NUMBER IDENTIFIER
control field OSt
005 - DATE AND TIME OF LATEST TRANSACTION
control field 20260619095420.0
008 - FIXED-LENGTH DATA ELEMENTS--GENERAL INFORMATION
fixed length control field 210423s2008 xx 000 0 und d
020 ## - INTERNATIONAL STANDARD BOOK NUMBER
International Standard Book Number 9788181282606
040 ## - CATALOGING SOURCE
Transcribing agency AL
041 ## - LANGUAGE CODE
Language code of text/sound track or separate title eng
082 ## - DEWEY DECIMAL CLASSIFICATION NUMBER
Classification number 512
Item number LANI
100 ## - MAIN ENTRY--PERSONAL NAME
Personal name Serge Lang
9 (RLIN) 85281
245 ## - TITLE STATEMENT
Title Introduction to linear algebra.
250 ## - EDITION STATEMENT
Edition statement 2
260 ## - PUBLICATION, DISTRIBUTION, ETC.
Place of publication, distribution, etc. New Delhi
Name of publisher, distributor, etc. Springer Pvt Ltd
Date of publication, distribution, etc. 2008
300 ## - PHYSICAL DESCRIPTION
Extent viii,293
Other physical details PB
365 ## - TRADE PRICE
Price amount 295
Currency code INR
906 ## - LOCAL DATA ELEMENT F, LDF (RLIN)
a algebra. ; Introduction ; linear
942 ## - ADDED ENTRY ELEMENTS (KOHA)
Source of classification or shelving scheme Dewey Decimal Classification
Koha item type Book
Holdings
Withdrawn status Lost status Source of classification or shelving scheme Damaged status Not for loan Collection code Home library Current library Date acquired Source of acquisition Cost, normal purchase price Total Checkouts Full call number Barcode Date last seen Price effective from Koha item type
    Dewey Decimal Classification     Mathematics St Aloysius PG Library St Aloysius PG Library 07/23/2010 Athulya Books 295.00   512 LANI PG004818 08/24/2022 04/26/2021 Book